[Event "Napoli Spring Cup 1st"]
[Site "Napoli"]
[Date "2017.03.23"]
[Round "3"]
[White "Norcia, Fabrizio"]
[Black "Giusti, Raffaele"]
[Result "1-0"]
[WhiteElo "1427"]
[BlackElo "1440"]
[PlyCount "71"]
[EventDate "2017.03.09"]
[EventType "swiss"]
[EventRounds "6"]
[EventCountry "ITA"]
[SourceTitle "EXT 2018"]
[Source "ChessBase"]
[SourceDate "2017.10.13"]
[SourceVersion "1"]
[SourceVersionDate "2017.10.13"]
[SourceQuality "1"]

1. e4 e5 2. Nf3 Nc6 3. Bc4 Bc5 4. c3 Nf6 5. d3 d6 6. Bg5 h6 7. Bh4 g5 8. Bg3 g4 9. Nh4 Qe7 10. Nf5 Bxf5 11. exf5 0-0-0 12. Bh4 d5 13. Bb3 e4 14. d4 Bb6 15. Nd2 Rhe8 16. Nf1 Ba5 17. Ne3 Qd6 18. Nxg4 Qf4 19. Bxf6 e3 20. Nxe3 Rxe3+ 21. fxe3 Qxe3+ 22. Qe2 Bxc3+ 23. bxc3 Qxc3+ 24. Kf2 Nxd4 25. Bxd4 Qxd4+ 26. Qe3 Qb2+ 27. Kf3 d4 28. Qc1 Qxc1 29. Raxc1 Rd7 30. f6 b6 31. Rhe1 c5 32. Re7 Kd8 33. Rxd7+ Kxd7 34. Re1 d3 35. Bxf7 c4 36. Bxc4 1-0

[Event "Napoli Spring Cup 1st"]
[Site "Napoli"]
[Date "2017.03.16"]
[Round "2"]
[White "Giovine, Massimo"]
[Black "Norcia, Fabrizio"]
[Result "1-0"]
[WhiteElo "1594"]
[BlackElo "1427"]
[PlyCount "67"]
[EventDate "2017.03.09"]
[EventType "swiss"]
[EventRounds "6"]
[EventCountry "ITA"]
[SourceTitle "EXT 2018"]
[Source "ChessBase"]
[SourceDate "2017.10.13"]
[SourceVersion "1"]
[SourceVersionDate "2017.10.13"]
[SourceQuality "1"]

1. d4 Nf6 2. c4 e6 3. a3 c5 4. Bg5 h6 5. Bh4 d5 6. e3 dxc4 7. Bxc4 Nc6 8. Nf3 a6 9. 0-0 cxd4 10. exd4 b5 11. Ba2 Be7 12. Nc3 0-0 13. Bxf6 Bxf6 14. d5 exd5 15. Bxd5 Qb6 16. Qb3 Bg4 17. Ne4 Be7 18. Ng3 Bxf3 19. Qxf3 Rac8 20. Ne4 Bf6 21. Nxf6+ gxf6 22. Qxf6 Qd4 23. Qxd4 Nxd4 24. Bb7 Rc2 25. b4 Re8 26. a4 Rb2 27. axb5 axb5 28. Rab1 Ree2 29. Rfd1 Rec2 30. Rxb2 Rxb2 31. Kf1 Rxb4 32. Ke1 f6 33. Kd2 Rc4 34. Bd5+ 1-0

[Event "Napoli Trofeo Caissa 2nd"]
[Site "Napoli"]
[Date "2016.12.15"]
[Round "6"]
[White "Spano, Angelo Salvatore"]
[Black "Norcia, Fabrizio"]
[Result "0-1"]
[WhiteElo "1102"]
[BlackElo "1407"]
[PlyCount "50"]
[EventDate "2016.11.03"]
[EventType "swiss"]
[EventRounds "7"]
[EventCountry "ITA"]
[SourceTitle "EXT 2018"]
[Source "ChessBase"]
[SourceDate "2017.10.13"]
[SourceVersion "1"]
[SourceVersionDate "2017.10.13"]
[SourceQuality "1"]

1. e4 e5 2. Nf3 Nc6 3. Bb5 a6 4. Bxc6 dxc6 5. Nc3 Bd6 6. d3 Nf6 7. 0-0 0-0 8. Be3 Bg4 9. d4 Qe7 10. h3 Bh5 11. Qd2 Bxf3 12. gxf3 Rfd8 13. Rfe1 Qe6 14. Kg2 Nh5 15. d5 Qg6+ 16. Kf1 cxd5 17. exd5 Nf4 18. Bxf4 exf4 19. Qd3 Qh5 20. h4 Qxh4 21. Ne4 Be7 22. d6 cxd6 23. Nc3 Qh2 24. Qe4 Bh4 25. Re2 Qh1# 0-1

[Event "Napoli Trofeo Caissa 2nd"]
[Site "Napoli"]
[Date "2016.11.10"]
[Round "2"]
[White "Norcia, Fabrizio"]
[Black "Pellegrino, Giovanni"]
[Result "1/2-1/2"]
[WhiteElo "1407"]
[BlackElo "1606"]
[PlyCount "72"]
[EventDate "2016.11.03"]
[EventType "swiss"]
[EventRounds "7"]
[EventCountry "ITA"]
[SourceTitle "EXT 2018"]
[Source "ChessBase"]
[SourceDate "2017.10.13"]
[SourceVersion "1"]
[SourceVersionDate "2017.10.13"]
[SourceQuality "1"]

1. e4 e6 2. d4 d5 3. Nc3 Nf6 4. e5 Nfd7 5. f4 c5 6. Nf3 Nc6 7. Be3 a6 8. Be2 b5 9. a3 Bb7 10. 0-0 Rc8 11. Qd2 Be7 12. Rab1 Qc7 13. Rfd1 cxd4 14. Nxd4 0-0 15. b4 Nxb4 16. axb4 Qxc3 17. Qxc3 Rxc3 18. Rd3 Rfc8 19. Bd2 Rxd3 20. cxd3 Nb6 21. f5 exf5 22. Nxf5 Kf8 23. Nxe7 Kxe7 24. Rc1 Rxc1+ 25. Bxc1 Bc8 26. g4 Nd7 27. Bf4 Ke6 28. d4 Nb6 29. Kf2 Bb7 30. h4 Nc8 31. Bd3 g6 32. h5 Ne7 33. hxg6 hxg6 34. Bd2 Nc6 35. Bc3 Bc8 36. Kf3 Ke7 1/2-1/2

[Event "Napoli Autunno Vomero op-A"]
[Site "Napoli"]
[Date "2016.09.29"]
[Round "4"]
[White "Calvanese, Giuseppe"]
[Black "Norcia, Fabrizio"]
[Result "1-0"]
[WhiteElo "1599"]
[BlackElo "1425"]
[PlyCount "89"]
[EventDate "2016.09.08"]
[EventType "swiss"]
[EventRounds "7"]
[EventCountry "ITA"]
[SourceTitle "EXT 2018"]
[Source "ChessBase"]
[SourceDate "2017.10.13"]
[SourceVersion "1"]
[SourceVersionDate "2017.10.13"]
[SourceQuality "1"]

1. e4 e5 2. Bc4 c6 3. Nc3 b5 4. Bb3 b4 5. Nce2 a5 6. c3 Nf6 7. Bc2 d5 8. f3 Bc5 9. d4 exd4 10. cxd4 Bb6 11. Bg5 h6 12. Bh4 0-0 13. e5 g5 14. Bf2 Ne8 15. Qd3 f5 16. h4 Ra7 17. hxg5 hxg5 18. Be3 f4 19. Bc1 Bf5 20. Qd2 Rh7 21. Rxh7 Kxh7 22. Bxf5+ Rxf5 23. Qd3 Ng7 24. g4 fxg3 25. Nxg3 Qd7 26. Nxf5 Qxf5 27. Qxf5+ Nxf5 28. Bxg5 Bxd4 29. e6 Kg6 30. e7 Kf7 31. 0-0-0 Bf6 32. Bxf6 Nxe7 33. Bxe7 Kxe7 34. f4 Nd7 35. Nh3 Nf6 36. Re1+ Kf7 37. Ng5+ Kg6 38. Re6 c5 39. Nh7 Kxh7 40. Rxf6 c4 41. Rd6 a4 42. Rxd5 b3 43. axb3 c3 44. bxc3 a3 45. Ra5 1-0

[Event "Napoli Primavera al Vomero op"]
[Site "Napoli"]
[Date "2016.05.19"]
[Round "3"]
[White "Radice, Mario"]
[Black "Norcia, Fabrizio"]
[Result "1-0"]
[WhiteElo "1869"]
[BlackElo "1440"]
[PlyCount "55"]
[EventDate "2016.05.05"]
[EventType "swiss"]
[EventRounds "6"]
[EventCountry "ITA"]
[SourceTitle "EXT 2018"]
[Source "ChessBase"]
[SourceDate "2017.10.13"]
[SourceVersion "1"]
[SourceVersionDate "2017.10.13"]
[SourceQuality "1"]

1. Nf3 c5 2. g3 g6 3. Bg2 Bg7 4. 0-0 Nc6 5. d3 e5 6. c4 d6 7. Nc3 Nge7 8. Bg5 Be6 9. Ne4 0-0 10. Nf6+ Bxf6 11. Bxf6 Qd7 12. Qd2 Nf5 13. e4 h6 14. exf5 g5 15. Nxg5 Bxf5 16. Ne4 Kh7 17. Bxe5 Bxe4 18. Bxe4+ f5 19. Bxc6 Qxc6 20. Bf4 Rf6 21. Rfe1 Qd7 22. Re2 Qg7 23. Rae1 h5 24. Bxd6 Rxd6 25. Re7 Rad8 26. Qg5 Rg6 27. Rxg7+ Rxg7 28. Qxd8 1-0